| 000 | 00570nam a2200193Ia 4500 | ||
|---|---|---|---|
| 005 | 20250923144948.0 | ||
| 008 | 008 250917s9999 xx 000 0 eng d | ||
| 037 | _aTextual | ||
| 040 |
_aDSWL _beng _cDSWL |
||
| 041 |
_aeng _2eng |
||
| 084 |
_aX:9.2N6, K5 _qDSWL |
||
| 100 |
_a Rao, A.V.Raman _9830313 |
||
| 245 | 0 |
_aIndustrial Social Service in a Developing Economy _cby A.V. Raman Rao |
|
| 260 |
_aBombay _bAllied Pub. Pvt. _c1965 |
||
| 365 |
_aINR _b30.00 |
||
| 925 | _g30.00 | ||
| 942 |
_cTEXL _hX:9.2N6, K5 |
||
| 999 |
_c1445427 _d1445427 |
||